| 000 | 00440nam a2200181Ia 4500 | ||
|---|---|---|---|
| 001 | 9534 | ||
| 005 | 20260306161725.0 | ||
| 008 | 260306t2006||||xx |||||||||||||| ||spa|| | ||
| 041 | _aESP | ||
| 082 |
_a380.145098 _bC33 |
||
| 100 |
_aCaselli, Clara _eAUT |
||
| 245 | 0 | _aEl desafío del comercio justo en América Latina | |
| 260 | _c2006 | ||
| 300 |
_a212 páginas : _ccm. |
||
| 650 | _aGEN | ||
| 654 | _aCAN | ||
| 942 |
_cLIB _dJUS _fJUS _2ddc _n |
||
| 999 |
_c9534 _d9534 |
||